000 00693nam a22002417a 4500
005 20170124110010.0
010 _aA-792718
020 _c00.00
035 _aA-792718
037 _bCen Lib/ Ret
040 _aDPL
_bEN
082 _a370
_bSIL
100 _aSilberman,Charles E.
_917590
245 _aCrises in the classroom :
_cby Charles E.Silberman
_bthe remaking of American education /
260 _aNew York
_bRandom house
_c1958
270 _aNew York
_bNew York
300 _axiv,552p.
_c23cm(Hb)
500 _aIncludes index
650 _aEducation
_91169
650 _aEducation-Study and Teaching
_917591
700 _917566
942 _2ddc
_cEN
_h370
_mSIL
999 _c126463
_d126463